15 Biggest Cities in South Korea - Statistics

General Stats
  • This quiz has been taken 77 times
  • The average score is 5 of 15
Answer Stats
Population City % Correct
10 350 000 Seoul
100%
3 680 000 Busan
94%
2 630 000 Incheon
82%
2 565 000 Daegu
66%
1 415 000 Gwangju
58%
1 475 000 Daejeon
48%
960 000 Ulsan
48%
710 000 Jeonju
20%
1 240 000 Suwon-si
6%
650 000 Ansan-si
4%
635 000 Anyang-si
4%
850 000 Bucheon-si
4%
635 000 Cheongju-si
4%
1 075 000 Goyang-si
4%
1 030 000 Seongnam-si
4%
No matching quizzes found
Score Distribution
Percent of People with Each Score
Percentile by Number Answered
Your Score History
You have not taken this quiz